Ngụ ngôn cổ điển phương Tây
Tuyển dịch các truyện ngụ ngôn của Êdốp, Pheđrơ, Babri, Xintipư, Kirill Êpixkop, Ođom Trêritômxki, N. Pergamxki, L. Đơ Vanhxi, M. Luyte, B. Pêriê..
保存先:
| フォーマット: | 図書 |
|---|---|
| 言語: | Undetermined |
| 出版事項: |
Thành phố Hồ Chí Minh
Văn hóa Sài Gòn
2005
|
| 主題: | |
| タグ: |
タグ追加
タグなし, このレコードへの初めてのタグを付けませんか!
|
| Thư viện lưu trữ: | Trung tâm Học liệu Trường Đại học Cần Thơ |
|---|
| LEADER | 00807nam a2200205Ia 4500 | ||
|---|---|---|---|
| 001 | CTU_101435 | ||
| 008 | 210402s9999 xx 000 0 und d | ||
| 020 | |c 34000 | ||
| 082 | |a 808.813 | ||
| 082 | |b Ng500 | ||
| 245 | 0 | |a Ngụ ngôn cổ điển phương Tây | |
| 245 | 0 | |c Hữu Tấn biên dịch | |
| 260 | |a Thành phố Hồ Chí Minh | ||
| 260 | |b Văn hóa Sài Gòn | ||
| 260 | |c 2005 | ||
| 520 | |a Tuyển dịch các truyện ngụ ngôn của Êdốp, Pheđrơ, Babri, Xintipư, Kirill Êpixkop, Ođom Trêritômxki, N. Pergamxki, L. Đơ Vanhxi, M. Luyte, B. Pêriê.. | ||
| 650 | |a Fables | ||
| 650 | |x Collections | ||
| 904 | |i Minh (sửa số pl 808.813/H566 thành 808.813/Ng500) | ||
| 980 | |a Trung tâm Học liệu Trường Đại học Cần Thơ | ||